banner-ar

THE COMPANION GUIDE TO LONDON / (Record no. 16853)

MARC details
000 -الفاتح
حقل البيانات ثابتة الطول 00439nam a2200169Ia 4500
008 - عناصر البيانات ثابتة الطول - معلومات عامة
حقل البيانات ثابتة الطول 140319s9999 xx 000 0 eng d
040 ## - مصدر الفهرسة
وكالة الفهرسة الأصلية GCL /
وكالة النسخ GCL
082 04 - رقم تصنيف ديوى العشرى
رقم التصنيف 914.2104858
رقم المادة P T
100 1# - المدخل الرئيسى - إسم شخصى
الإسم الشخصى PIPER, DAVID
245 10 - بيان العنوان
العنوان THE COMPANION GUIDE TO LONDON /
بيان المسئوليه,etc PIPER, DAVID
260 ## - PUBLICATION, DISTRIBUTION, ETC. (IMPRINT)
تاريخ النشر أو التوزيع 1983
300 ## - الوصف المادى
التعداد 520 P P
650 04 - المدخل الاضافى بالموضوع-مصطلح موضوعى
مصطلح موضوعي LONDON
650 04 - المدخل الاضافى بالموضوع-مصطلح موضوعى
مصطلح موضوعي GUIDE BOOKS
942 ## - عناصر المدخل الإضافي( كوها)
مصدر التصنيف او مخطط الترفيف Dewey Decimal Classification
Koha [default] item type كتاب
260 ## - PUBLICATION, DISTRIBUTION, ETC. (IMPRINT)
-- [S.N] :
-- WILLIAM COLLINS SONS & LTD ،
Holdings
حالة التراجع حالة الفقد حالة تلف ليس للاعارة المكان المؤقت الموقع الحالى تاريخ الاكتساب اجمالي اﻻعارات رقم الطلب الباركود تاريخ اخر مشاهدة تاريخ تفعيل السعر نوع وعاء كوها
        مكتبة القاهرة الكبرى مكتبة القاهرة الكبرى 03/26/2014   914.2104858\P T 30472 03/26/2014 03/26/2014 كتاب

Powered By

EGPV